The travels of Marco Polo
Guardat en:
| Autor principal: | |
|---|---|
| Format: | Llibre |
| Idioma: | Undetermined |
| Publicat: |
New York, Estados Unidos
Books, Inc.
[s.f.]
|
| Matèries: | |
| Etiquetes: |
Afegir etiqueta
Sense etiquetes, Sigues el primer a etiquetar aquest registre!
|
MARC
| LEADER | 00000nam a2200000Ia 4500 | ||
|---|---|---|---|
| 008 | 170316s9999 xx 000 0 und d | ||
| 999 | |c 8224 |d 8224 | ||
| 040 | |a cru BVZT | ||
| 090 | |a 850 T-1t | ||
| 100 | |a Lyons, John | ||
| 245 | 4 | |a The travels of Marco Polo |c / John Lyons | |
| 260 | |a New York, Estados Unidos |b Books, Inc. |c [s.f.] | ||
| 300 | |a 359 páginas | ||
| 650 | |a LITERATURA ITALIANA |9 212 | ||
| 942 | |c 15 D |h 850 T-1t |2 z | ||
